000 00262nam a2200109Ia 4500
008 200302s9999 xx 000 0 und d
100 _aLiang- Hue
245 _aKeep a City Moving
260 _bAsian Productivity Organization
260 _c1993
300 _a292 P.,
999 _c5661
_d5661